[Event "Imperia op-A 52th"]
[Site "Imperia"]
[Date "2010.09.01"]
[Round "5"]
[White "Curtacci, Sergio"]
[Black "Van der Borck, Alexis"]
[Result "1-0"]
[WhiteElo "1999"]
[BlackElo "1928"]
[PlyCount "65"]
[EventDate "2010.08.29"]
[EventType "swiss"]
[EventRounds "9"]
[EventCountry "ITA"]
[SourceTitle "EXT 2024"]
[Source "ChessBase"]
[SourceDate "2023.10.10"]
[SourceVersion "1"]
[SourceVersionDate "2023.10.10"]
[SourceQuality "1"]

1. d4 d5 2. Nf3 e6 3. e3 c5 4. c3 Nf6 5. Bd3 Nc6 6. Nbd2 Be7 7. 0-0 0-0 8. Qe2 b6 9. dxc5 Bxc5 10. e4 e5 11. exd5 Qxd5 12. Bc4 Qd8 13. Ne4 Be7 14. Bg5 Nxe4 15. Qxe4 Bb7 16. Rfd1 Qc7 17. Bxe7 Qxe7 18. Bd5 Rac8 19. Nxe5 Rfe8 20. Nxc6 Qxe4 21. Bxe4 Rxe4 22. Nd4 Rce8 23. f3 R4e5 24. Kf2 f6 25. Rd2 Kf7 26. Rad1 Kg6 27. c4 Rh5 28. h3 Ra5 29. b3 Rae5 30. Nb5 Bc6 31. Nxa7 Bb7 32. Nb5 Ba6 33. Nc7 1-0

[Event "Imperia op-A 52th"]
[Site "Imperia"]
[Date "2010.09.01"]
[Round "4"]
[White "Van der Borck, Alexis"]
[Black "Cugini, Verter"]
[Result "1/2-1/2"]
[WhiteElo "1928"]
[BlackElo "2122"]
[PlyCount "86"]
[EventDate "2010.08.29"]
[EventType "swiss"]
[EventRounds "9"]
[EventCountry "ITA"]
[SourceTitle "EXT 2024"]
[Source "ChessBase"]
[SourceDate "2023.10.10"]
[SourceVersion "1"]
[SourceVersionDate "2023.10.10"]
[SourceQuality "1"]

1. e4 e6 2. d4 d5 3. Nc3 Nf6 4. Bg5 Bb4 5. e5 h6 6. exf6 hxg5 7. fxg7 Rg8 8. Nf3 Qf6 9. h4 gxh4 10. Rxh4 Qxg7 11. Qd3 Rh8 12. Rxh8+ Qxh8 13. 0-0-0 c6 14. g3 b6 15. Ne5 Bd6 16. Bg2 Ba6 17. Qe3 Bxe5 18. Rh1 Qg7 19. Qxe5 Qxe5 20. dxe5 Nd7 21. Rh8+ Nf8 22. f4 0-0-0 23. Bf3 Ng6 24. Rxd8+ Kxd8 25. Bh5 Nh8 26. Kd2 Ke7 27. Ke3 f5 28. Nd1 Nf7 29. Bxf7 Kxf7 30. Nf2 Bf1 31. b4 c5 32. a3 Ke7 33. c3 Kd7 34. g4 fxg4 35. Nxg4 Bh3 36. Nf6+ Kc6 37. a4 b5 38. a5 Bf1 39. Ne8 d4+ 40. cxd4 cxb4 41. Kd2 Bc4 42. Nf6 Kc7 43. Kc2 Kc6 1/2-1/2